000 00616nam a2200241Ia 4500
003 OSt
005 20221005130826.0
006 a|||||r|||| 00| 0
007 ta
008 221004b |||||||| |||| 00| 0 mar d
024 _a40165
037 _cTextual
040 _aCRL
_cCRL
_bmar
041 _2mar
_amar
082 _aO15,2D40,3, 155G0
100 _aMadli
_9638721
245 0 _aSangeet sakutalam natak
300 _a133+32
_ccm.
650 _a SANSKRIT DRAMA
650 _aMARATHI LITERATURE
_938000
942 _hO15,2D40,3, 155G0
_cTEXL
_2cc
999 _c1058529
_d1058529